| 000 -LEADER |
| fixed length control field |
03288cam a22005175i 4500 |
| 001 - CONTROL NUMBER |
| control field |
9060676 |
| 003 - CONTROL NUMBER IDENTIFIER |
| control field |
OSt |
| 005 - DATE AND TIME OF LATEST TRANSACTION |
| control field |
20210914153149.0 |
| 006 - FIXED-LENGTH DATA ELEMENTS--ADDITIONAL MATERIAL CHARACTERISTICS |
| fixed length control field |
m d |
| 007 - PHYSICAL DESCRIPTION FIXED FIELD--GENERAL INFORMATION |
| fixed length control field |
cr n |
| 008 - FIXED-LENGTH DATA ELEMENTS--GENERAL INFORMATION |
| fixed length control field |
110210s2011 gw | s |||| 0|eng d |
| 020 ## - INTERNATIONAL STANDARD BOOK NUMBER |
| International Standard Book Number |
9783642197260 |
| 024 7# - OTHER STANDARD IDENTIFIER |
| Standard number or code |
10.1007/978-3-642-19727-7 |
| Source of number or code |
doi |
| 035 ## - SYSTEM CONTROL NUMBER |
| System control number |
(WaSeSS)ssj0000506037 |
| 038 ## - RECORD CONTENT LICENSOR |
| Staff Name |
khadija |
| 040 ## - CATALOGING SOURCE |
| Modifying agency |
WaSeSS |
| Transcribing agency |
C |
| 050 #4 - LIBRARY OF CONGRESS CALL NUMBER |
| Classification number |
TJ210.2-211.495 |
| 050 #4 - LIBRARY OF CONGRESS CALL NUMBER |
| Classification number |
TJ163.12 |
| 072 #7 - SUBJECT CATEGORY CODE |
| Subject category code |
TJFM |
| Source |
bicssc |
| 072 #7 - SUBJECT CATEGORY CODE |
| Subject category code |
TJFD |
| Source |
bicssc |
| 072 #7 - SUBJECT CATEGORY CODE |
| Subject category code |
TEC004000 |
| Source |
bisacsh |
| 072 #7 - SUBJECT CATEGORY CODE |
| Subject category code |
TEC037000 |
| Source |
bisacsh |
| 082 04 - DEWEY DECIMAL CLASSIFICATION NUMBER |
| Classification number |
512.5 |
| Edition number |
23 |
| Author Mark |
BOU |
| 100 1# - MAIN ENTRY--PERSONAL NAME |
| Personal name |
Bourlès, Henri. |
| Relator term |
author. |
| 9 (RLIN) |
82458 |
| 210 10 - ABBREVIATED TITLE |
| Abbreviated title |
Linear Time-Varying Systems |
| 245 10 - TITLE STATEMENT |
| Title |
Linear Time-Varying Systems |
| Remainder of title |
Algebraic-Analytic Approach / |
| Statement of responsibility, etc. |
by Henri Bourlès, Bogdan Marinescu. |
| 490 1# - SERIES STATEMENT |
| Series statement |
Lecture Notes in Control and Information Sciences, |
| International Standard Serial Number |
0170-8643 ; |
| Volume/sequential designation |
410 |
| 505 0# - FORMATTED CONTENTS NOTE |
| Formatted contents note |
Part I Mathematical tools -- Part II Algebraic Theory of Linear Systems -- Part III Applications -- Part IV Complements. |
| 506 ## - RESTRICTIONS ON ACCESS NOTE |
| Terms governing access |
License restrictions may limit access. |
| 520 ## - SUMMARY, ETC. |
| Summary, etc. |
The aim of this book is to propose a new approach to analysis and control of linear time-varying systems. These systems are defined in an intrinsic way, i.e., not by a particular representation (e.g., a transfer matrix or a state-space form) but as they are actually. The system equations, derived, e.g., from the laws of physics, are gathered to form an intrinsic mathematical object, namely a finitely presented module over a ring of operators. This is strongly connected with the engineering point of view, according to which a system is not a specific set of equations but an object of the material world which can be described by equivalent sets of equations. This viewpoint makes it possible to formulate and solve efficiently several key problems of the theory of control in the case of linear time-varying systems. The solutions are based on algebraic analysis. This book, written for engineers, is also useful for mathematicians since it shows how algebraic analysis can be applied to solve engineering problems. Henri Bourlès is a Professor and holds the industrial automation chair at the Conservatoire national des arts et métiers in France. He has been teaching automation for over 20 years in engineering and graduate schools. Bogdan Marinescu is currently research engineer at the French Transmission System Operator (RTE) and Associate Professor at SATIE-Ecole Normale Supérieure de Cachan. |
| 563 ## - BINDING INFORMATION |
| Binding note |
paperback |
| 650 #0 - SUBJECT ADDED ENTRY--TOPICAL TERM |
| Topical term or geographic name entry element |
Engineering. |
| 650 #0 - SUBJECT ADDED ENTRY--TOPICAL TERM |
| Topical term or geographic name entry element |
Systems theory. |
| 9 (RLIN) |
82214 |
| 650 14 - SUBJECT ADDED ENTRY--TOPICAL TERM |
| Topical term or geographic name entry element |
Engineering. |
| 9 (RLIN) |
82459 |
| 650 24 - SUBJECT ADDED ENTRY--TOPICAL TERM |
| Topical term or geographic name entry element |
Control, Robotics, Mechatronics. |
| 9 (RLIN) |
82013 |
| 650 24 - SUBJECT ADDED ENTRY--TOPICAL TERM |
| Topical term or geographic name entry element |
Systems Theory, Control. |
| 9 (RLIN) |
82218 |
| 700 1# - ADDED ENTRY--PERSONAL NAME |
| Personal name |
Marinescu, Bogdan. |
| Relator term |
author. |
| 9 (RLIN) |
82460 |
| 710 2# - ADDED ENTRY--CORPORATE NAME |
| Corporate name or jurisdiction name as entry element |
SpringerLink (Online service) |
| 9 (RLIN) |
81564 |
| 773 0# - HOST ITEM ENTRY |
| Title |
Springer eBooks |
| 773 #0 - HOST ITEM ENTRY |
| Title |
SpringerLink ebooks - Engineering (2011) |
| 776 08 - ADDITIONAL PHYSICAL FORM ENTRY |
| Relationship information |
Printed edition: |
| International Standard Book Number |
9783642197260 |
| 830 #0 - SERIES ADDED ENTRY--UNIFORM TITLE |
| Uniform title |
Lecture Notes in Control and Information Sciences, |
| Volume/sequential designation |
410 |
| 9 (RLIN) |
82221 |
| 856 40 - ELECTRONIC LOCATION AND ACCESS |
| Uniform Resource Identifier |
<a href="http://www.columbia.edu/cgi-bin/cul/resolve?clio9060676">http://www.columbia.edu/cgi-bin/cul/resolve?clio9060676</a> |
| Public note |
Full text available from SpringerLink ebooks - Engineering (2011) |
| 910 ## - USER-OPTION DATA (OCLC) |
| User-option data |
Vendor-generated brief record |
| 942 ## - ADDED ENTRY ELEMENTS (KOHA) |
| Source of classification or shelving scheme |
|
| Koha item type |
Book |